• 首页
  • 本馆介绍
  • 公告通知
  • 最新文献
  • 馆藏检索
  • 电子资源
  • 读者导购
  • 参考咨询
  • 我的图书馆
  • 登录
  • 详细信息显示
  • 放入我的书架
  • 预约/预借图书
  • 作者相关作品
  • 分类相关作品
  • 丛书相关作品
  • 出版社相关作品

书目信息

  • 表格格式
  • 工作单格式
  • 卡片格式
题名:
触摸尘封的历史
    
 
作者: ;中央电视台CCTV10 , 《走近科学》丛书编委会 编
分册:  
出版信息: 北京   科学普及出版社  2005
页数: 162页
开本: 23cm
丛书名: 走近科学
单 册:
中图分类: K87-49
科图分类:
主题词: 考古学--中国--普及读物
电子资源:
ISBN: 7-110-06145-0
000 01248nam0 2200337 450
000 01211nam0 2200325 450
000 01180nam0 2200325 450
000 01126nam0 2200301 450
000 01155nam0 2200289 450
000 01118nam0 2200277 45
001 TSC-152218
005 20061228164526.79
010    @a7-110-06145-0@dCNY29.90
100    @a20060829d2005 ekmy0chiy0120 ea
101 0  @achi
102    @aCN@b110000
105    @aa z 000yy
200 1  @a触摸尘封的历史@AChu Mo Chen Feng De Li Shi@f中央电视台CCTV10, 《走近科学》丛书编委会编@FZhong Yang Dian Shi Tai CCTV10, 《 Zou Jin Ke Xue》 Cong Shu Bian Wei Hui Bian
210    @a北京@c科学普及出版社@d2005
215    @a162页@d23cm
225 2  @a走近科学
330    @a本书记录了考古学研究的新成果,以及解封历史过程中考古工作者辛勤工作的过程。
410  0 @12001 @a走近科学
606 0  @a考古学@y中国@x普及读物
690    @aK87-49@v4
711 02 @a中央电视台CCTV10@AZhong Yang Dian Shi Tai CCTV10@4编
711 02 @a《走近科学》丛书编委会@A《 Zou Jin Ke Xue》 Cong Shu Bian Wei Hui@4编
801  0 @aCN@b中图数据@c20061228
905    @a10447@dK87-49@e223
    
    触摸尘封的历史/中央电视台CCTV10, 《走近科学》丛书编委会编.-北京:科学普及出版社,2005
    162页;23cm.-(走近科学)
    
    
    ISBN 7-110-06145-0:CNY29.90
    本书记录了考古学研究的新成果,以及解封历史过程中考古工作者辛勤工作的过程。
●
相关链接 在E读中查询图书 在五车中查询图书 在当当中查询图书 在豆瓣中查询图书


正题名:触摸尘封的历史     索取号:K87-49/223         预约/预借

序号 登录号 条形码 馆藏地/架位号 状态 备注
1 0603471   206034717   第二样本阅览室/ [索取号:K87-49/223] 在馆    
2 0603472   206034726   第二借阅区/ [索取号:K87-49/223] 在馆    
3 0603473   206034735   第二借阅区/ [索取号:K87-49/223] 在馆    
4 0603474   206034744   第二借阅区/ [索取号:K87-49/223] 在馆    
5 0603475   206034753   第二借阅区/ [索取号:K87-49/223] 在馆    
6 0603476   206034762   第二借阅区/ [索取号:K87-49/223] 在馆    
唐山师范学院图书馆 欢迎您!
大连网信软件有限公司© 版权所有